书目信息 |
| 题名: |
法律服务与环渤海经济区建设研究
|
|
| 作者: | 张家成 , 霍明英 , 姚天冲 编 | |
| 分册: | ||
| 出版信息: | 沈阳 东北大学出版社 2014 |
|
| 页数: | 428页 | |
| 开本: | 21cm | |
| 丛书名: | ||
| 单 册: | ||
| 中图分类: | D922.290.4 | |
| 科图分类: | ||
| 主题词: | ||
| 电子资源: | ||
| ISBN: | 978-7-5517-0763-3 | |
| 000 | 01042nam0 2200265 450 | |
| 001 | 337652 | |
| 005 | 20150526094837.54 | |
| 010 | @a978-7-5517-0763-3@dCNY58.00 | |
| 100 | @a20150429d2014 em y0chiy50 ea | |
| 101 | 0 | @achi |
| 102 | @aCN@b210000 | |
| 105 | @ay z 000yy | |
| 106 | @ar | |
| 200 | 1 | @a法律服务与环渤海经济区建设研究@Afa lv fu wu yu huan bo hai jing ji qu jian she yan jiu@f张家成, 霍明英, 姚天冲编 |
| 210 | @a沈阳@c东北大学出版社@d2014 | |
| 215 | @a428页@d21cm | |
| 300 | @a司法部部级科研项目 | |
| 330 | @a本书就如何实现法律服务在该区域经济建设中的效能作了全面的分析。内容包括: 借鉴国外经验来发展环渤海地区经济的战略与对策、环渤海经济地区建设的成功典范、环渤海经济区法律服务体系现状、环渤海经济区民营企业法律服务体系构建等十二个章节。 | |
| 607 | @a环渤海经济圈@x区域经济@x经济发展@x法律@x研究 | |
| 690 | @aD922.290.4@v5 | |
| 701 | 0 | @a张家成@Azhang jia cheng@4编 |
| 701 | 0 | @a霍明英@Ahuo ming ying@4编 |
| 701 | 0 | @a姚天冲@Ayao tian chong@4编 |
| 801 | 0 | @aCN@b卓展宏图@c20150525 |
| 905 | @dD922.290.4@e1234@f4 | |
| 法律服务与环渤海经济区建设研究/张家成, 霍明英, 姚天冲编.-沈阳:东北大学出版社,2014 |
| 428页;21cm |
| 司法部部级科研项目 |
| ISBN 978-7-5517-0763-3:CNY58.00 |
| 本书就如何实现法律服务在该区域经济建设中的效能作了全面的分析。内容包括: 借鉴国外经验来发展环渤海地区经济的战略与对策、环渤海经济地区建设的成功典范、环渤海经济区法律服务体系现状、环渤海经济区民营企业法律服务体系构建等十二个章节。 |
| ● |
| 相关链接 |
|
|
|
|
正题名:法律服务与环渤海经济区建设研究
索取号:D922.290.4/1234
 
预约/预借
| 序号 | 登录号 | 条形码 | 馆藏地/架位号 | 状态 | 备注 |
| 1 | 854156 | 208541568 | 第一样本阅览室/ [索取号:D922.290.4/1234] | 在馆 | |
| 2 | 854157 | 208541577 | 第一借阅区/ [索取号:D922.290.4/1234] | 在馆 | |
| 3 | 854158 | 208541586 | 第一借阅区/ [索取号:D922.290.4/1234] | 在馆 | |
| 4 | 854159 | 208541595 | 密集书库-史法系/ [索取号:D922.290.4/1234] | 在馆 |